| 000 | 01589nam a2200433Ia 4500 | ||
|---|---|---|---|
| 001 | ebr10057311 | ||
| 003 | CaPaEBR | ||
| 006 | m u | ||
| 007 | cr cn||||||||| | ||
| 008 | 970508s1997 enk sb 001 0 eng d | ||
| 010 | _z 97015836 | ||
| 020 | _z9780415153645 | ||
| 020 | _z9780203135327 | ||
| 020 | _z0415153638 (hb) | ||
| 020 | _z0415153646 (pb) | ||
| 040 |
_aCaPaEBR _cCaPaEBR |
||
| 035 | _a(OCoLC)236340763 | ||
| 050 | 1 | 4 |
_aHM110 _b.B68 1997eb |
| 082 | 0 | 4 |
_a306.4 _221 |
| 245 | 0 | 0 |
_aBody talk _h[electronic resource] : _bthe material and discursive regulation of sexuality, madness and reproduction / _cedited by Jane M. Ussher. |
| 260 |
_aLondon ; _aNew York : _bRoutledge, _c1997. |
||
| 300 | _axii, 254 p. | ||
| 504 | _aIncludes bibliographical references and index. | ||
| 533 |
_aElectronic reproduction. _bPalo Alto, Calif. : _cebrary, _d2009. _nAvailable via World Wide Web. _nAccess may be limited to ebrary affiliated libraries. |
||
| 650 | 0 |
_aHuman body _xSocial aspects. |
|
| 650 | 0 | _aMind and body. | |
| 650 | 0 |
_aWomen _xPsychology. |
|
| 650 | 0 |
_aWomen _xPhysiology. |
|
| 650 | 0 | _aSex (Psychology) | |
| 650 | 0 |
_aMental illness _xSocial aspects. |
|
| 650 | 0 |
_aHuman reproduction _xSocial aspects. |
|
| 650 | 0 | _aMaterialism. | |
| 650 | 0 | _aDiscursive psychology. | |
| 650 | 0 | _aFeminist theory. | |
| 655 | 7 |
_aElectronic books. _2local |
|
| 700 | 1 |
_aUssher, Jane M., _d1961- |
|
| 710 | 2 | _aebrary, Inc. | |
| 856 | 4 | 0 |
_uhttp://site.ebrary.com/lib/rucke/Doc?id=10057311 _zAn electronic book accessible through the World Wide Web; click to view |
| 999 |
_c172633 _d172633 |
||